Представление документа в формате RUSMARC

ПолеНазваниеЗначение
  Тип записи a
  Библиографический уровень m
001 Контрольный номер RU/REG73/CBS_GRAD/474732d6a68f4d1788aa05f183548d3e
005 Дата корректировки 20241015153040.5
010 Индекс ISBN __
b Уточнения В пер.
d Цена 100 р.
9 Тираж 33000 экз.
100 Данные общей обработки __
a Данные общей обработки 20241010d2014 e y0rusy0189## ca
101 Язык документа 0_
a Язык текста rus
102 Страна публикации __
a Страна публикации RU
105 Кодированные данные (монография) __
a Кодированные данные (монография) a z 000yy
200 Заглавие и сведения об ответственности 1_
a Заглавие Петр I Великий
b Общее обозначение материала Текст
e Сведения, относящиеся к заглавию Первый император. 1682-1725 годы правления
f Первые сведения об ответственности Ананьев Андрей
g Последующие сведения об ответственности редактор М. Ю. Иванников
h Номер части Т. 3
203 Вид содержания и тип средства __
a Вид содержания Текст
b Характеристика содержания визуальный
c Тип средства непосредственный
210 Выходные данные 1_
a Место издания Москва
c Издательство ООО "Ашет Коллекция"
d Дата издания 2014
215 Физическое описание __
a Объем 48 с.
c Иллюстрации/тип воспроизводства ил.; фото
d Формат 27 см
225 Серия 2_
a Серия Российские князья, цари, императоры
h Номер части В. 52
333 Примечание о целевом назначении __
a Примечание о целевом назначении 12+
606 Тематические рубрики 0_
a Основная рубрика Российское государство 17 - 18 вв.
x Основная подрубрика
z Хронологическая подрубрика
610 Ключевые слова 0_
a Ключевые слова первый русский император
610 Ключевые слова 0_
a Ключевые слова петровские реформы
610 Ключевые слова 0_
a Ключевые слова императоры русские
610 Ключевые слова 0_
a Ключевые слова
686 Индексы других классификаций __
a Классификационный индекс 63.3(2)46
2 Код системы rubbk
700 Автор _1
a Фамилия Ананьев
b Имя (инициалы) А.
g Полное личное имя Андрей
4 Код отношения 070
702 Вторичная интеллектуальная ответственность _1
a Фамилия Иванников
b Имя (инициалы) М.Ю.
g Полное личное имя Михаил Юрьевич
4 Код отношения 340
801 Источник записи _0
a Страна RU
b Организация RuCBSGrad
c Дата составления 20241015
g Правила каталогизации RCR
801 Источник записи _1
a Страна RU
b Организация RuCBSGrad
c Дата составления 20241015
g Правила каталогизации RCR
852 Данные о местонахождении __
a Наименование организации МБУК "ЦБС г.Димитровграда"
i Авторский знак А 64
901 Тип документа __
t Тип документа m
909 Создатель записи __
a Создатель записи Гонюкова
b Дата создания записи 20241015